Principios de neuropsicología clínica con orientación ecológica: aspectos teóricos y procedimentales

Saved in:
Bibliographic Details
Main Author: Mias, Carlos Daniel (autor)
Format: Book
Language:Spanish
Published: Córdoba Encuentro 2008
Edition:1a. ed
Subjects:
Tags: Add Tag
No Tags, Be the first to tag this record!

MARC

LEADER 00000cam a2200000 a 4500
001 UCG7670
003 CL-VaPUC
008 110905e20080000AG |||||||||||||||||spa|d
020 |a 9789871432127 
082 0 4 |a 616.8  |b MIA  |2 21 
100 |a Mias, Carlos Daniel  |e autor  |9 558159 
245 1 0 |a Principios de neuropsicología clínica con orientación ecológica: aspectos teóricos y procedimentales 
250 |a 1a. ed 
300 |a 175 p 
942 |c BK 
945 |d 20110905 00:00:00  |a dcastane 
260 |a Córdoba  |b Encuentro  |c 2008 
650 0 |a Neuropsicología  |9 270837 
650 7 |a TRASTORNOS NEUROLOGICOS  |2 CL-VaPUC  |9 434216 
650 0 |a Psicología cognitiva   |9 306250 
650 0 |a Sistema nervioso  |9 266815 
583 |a last modification  |c 20110905 13:21:00  |k Rodrigo Vera 
999 |c 345454  |d 345452 
952 |0 0  |1 0  |4 0  |6 616_800000000000000_MIA_2008  |7 0  |8 A  |9 444186  |a BIBEDU  |b BIBEDU  |c ES_NOD  |d 2019-11-22  |i 4789512  |l 1  |o 616.8 MIA 2008  |p 4789512  |r 2023-08-09  |s 2023-08-04  |w 2019-11-22  |y BK  |k PSI